[Event "5th American Continental (w)"]
[Site "Cali COL"]
[Date "2009.09.03"]
[Round "4.19"]
[White "Chavez Restrepo, Diana Maria"]
[Black "Felix Vega, Aurora Edith"]
[Result "1/2-1/2"]
[WhiteElo "1884"]
[BlackElo "1833"]
[EventDate "2009.09.01"]
[PlyCount "106"]

1.d4 d5 2.Nf3 Nf6 3.c4 c6 4.Nc3 e6 5.Bg5 Nbd7 6.e3 h6 7.Bh4 Be7 8.Be2 O-O 
9.O-O dxc4 10.Bxc4 b5 11.Bb3 Bb7 12.Rc1 a6 13.Qe2 Rc8 14.Rfd1 Re8 15.a4 b4
16.Nb1 Qa5 17.Nbd2 Qh5 18.Bc4 Ra8 19.Bd3 c5 20.Bg3 Bf8 21.Nc4 Bxf3 22.Qxf3
Qxf3 23.gxf3 cxd4 24.exd4 Nd5 25.Be4 N7f6 26.Be5 Rad8 27.Bxf6 Nxf6 28.Bb7 
Re7 29.Bxa6 Red7 30.b3 Rxd4 31.Rxd4 Rxd4 32.Ne5 Rd5 33.f4 Nh5 34.Nd3 Rd4 
35.a5 Nxf4 36.Nxf4 Rxf4 37.Bb7 Rf5 38.a6 Ra5 39.Rc8 f6 40.Rc6 Kf7 41.Bc8 
e5 42.Be6+ Kg6 43.Bc4 h5 44.h4 Kf5 45.Rc7 g5 46.hxg5 Kxg5 47.a7 Bd6 48.Rc6
Be7 49.Rc7 Bd6 50.Rc6 Be7 51.Rc7 Bd6 52.Rc6 Be7 53.Rc7 Bd6 1/2-1/2

[Event "5th American Continental (w)"]
[Site "Cali COL"]
[Date "2009.09.03"]
[Round "4.20"]
[White "Perez, Laura"]
[Black "Herrera Rincon, Wilene"]
[Result "1-0"]
[WhiteElo "1884"]
[BlackElo "1737"]
[EventDate "2009.09.01"]
[PlyCount "106"]

1.d4 d5 2.Nf3 e6 3.Bf4 c5 4.c3 Nf6 5.Nbd2 Nc6 6.e3 a6 7.Bd3 c4 8.Bc2 Be7 
9.e4 b5 10.a3 O-O 11.h4 dxe4 12.Nxe4 Nd5 13.Bg5 h6 14.Bxe7 Qxe7 15.Qd2 f5 
16.Ng3 Bd7 17.h5 Be8 18.Kf1 Qf6 19.Re1 Rd8 20.Ne5 Rd6 21.f4 Qd8 22.Qf2 Nf6
23.Qf3 Ne7 24.Ke2 a5 25.Kf2 Qc7 26.Qe2 Ned5 27.Qf3 Ng4+ 28.Kg1 b4 29.axb4 
axb4 30.Ne2 b3 31.Bb1 Ra6 32.g3 Ra1 33.Nxg4 fxg4 34.Qxg4 Ra6 35.Rh2 Ne3 
36.Qf3 Nf5 37.g4 Bc6 38.Qf2 Ne7 39.Qe3 Bd5 40.Rf2 Qd8 41.Ng3 Nc8 42.Rh2 
Qc7 43.Rf1 Ne7 44.Ne4 Ra1 45.Rhf2 Qc6 46.Nc5 Ra7 47.Re1 Ra1 48.Bh7+ Kxh7 
49.Rxa1 Ng8 50.Ra6 Qc8 51.Qe5 Nf6 52.Ra7 Rg8 53.Qxf6 Kh8 1-0

[Event "5th American Continental (w)"]
[Site "Cali COL"]
[Date "2009.09.03"]
[Round "4.21"]
[White "Mesa Brenda, Sofia"]
[Black "Talavera Paredes, Ana"]
[Result "0-1"]
[WhiteElo "1894"]
[BlackElo "1607"]
[EventDate "2009.09.01"]
[PlyCount "78"]

1.e4 c5 2.Nf3 d6 3.d4 cxd4 4.Nxd4 Nf6 5.Nc3 a6 6.Be3 e6 7.f3 Nbd7 8.Qd2 
Qc7 9.O-O-O b5 10.Kb1 Bb7 11.g4 Nb6 12.h4 Nfd7 13.Bg2 Ne5 14.g5 Nec4 15.
Qd3 Rc8 16.f4 Be7 17.f5 e5 18.Nde2 Nxe3 19.Qxe3 b4 20.Nd5 Qxc2+ 21.Ka1 Nc4
22.Qb3 Qxe2 23.Bf3 Qf2 24.Nxe7 Kxe7 25.Rhf1 Qxh4 26.Qxb4 Rc7 27.Rc1 Rhc8 
28.f6+ gxf6 29.gxf6+ Kf8 30.b3 a5 31.Qe1 Qxe1 32.Rfxe1 Nd2 33.Rxc7 Rxc7 
34.Bg2 Rc2 35.Rh1 Nxe4 36.Bf3 Rf2 37.Rxh7 Nxf6 38.Rh8+ Kg7 39.Rd8 Bxf3 0-1

[Event "5th American Continental (w)"]
[Site "Cali COL"]
[Date "2009.09.04"]
[Round "5.1"]
[White "Sanchez Castillo, Sarai"]
[Black "Arribas Robaina, Maritza"]
[Result "1/2-1/2"]
[WhiteElo "2224"]
[BlackElo "2328"]
[EventDate "2009.09.01"]
[PlyCount "53"]

1.e4 d6 2.d4 g6 3.Nc3 Bg7 4.Nf3 a6 5.Bg5 Nd7 6.Qd2 c5 7.O-O-O cxd4 8.Nxd4 
h6 9.Be3 Ngf6 10.f4 Nc5 11.e5 Nfe4 12.Nxe4 Nxe4 13.Qb4 d5 14.Bd3 Qc7 15.
Nb3 b5 16.a4 O-O 17.a5 f6 18.Bb6 Qb8 19.Bxe4 dxe4 20.Qxe7 fxe5 21.Nc5 Bf5 
22.Nd7 Qe8 23.Qxe8 Rfxe8 24.Nxe5 Bxe5 25.fxe5 Rxe5 26.Rd6 Kf7 27.Bd4 
1/2-1/2

[Event "5th American Continental (w)"]
[Site "Cali COL"]
[Date "2009.09.04"]
[Round "5.2"]
[White "Fierro Baquero, Martha"]
[Black "Vasquez Ramirez, Rocio"]
[Result "1-0"]
[WhiteElo "2386"]
[BlackElo "2285"]
[EventDate "2009.09.01"]
[PlyCount "61"]

1.e4 c5 2.Nf3 e6 3.d4 cxd4 4.Nxd4 a6 5.Bd3 Bc5 6.Nb3 Be7 7.Nc3 d6 8.O-O 
Nf6 9.f4 Nbd7 10.Qe2 Qc7 11.Bd2 b6 12.Rae1 Bb7 13.e5 Nd5 14.Nxd5 Bxd5 15.
Qg4 g6 16.exd6 Bxd6 17.Bc3 O-O 18.Kh1 f5 19.Qh4 Rf7 20.Re3 Qb7 21.Rg3 e5 
22.Nd2 Rc8 23.Nf3 Rxc3 24.bxc3 exf4 25.Rh3 Be7 26.Qxf4 g5 27.Rg3 h6 28.
Bxf5 Bxf3 29.Qxf3 Qxf3 30.Rgxf3 Nf8 31.Be6 1-0

[Event "5th American Continental (w)"]
[Site "Cali COL"]
[Date "2009.09.04"]
[Round "5.3"]
[White "Orozco Lopez, Luz Elena"]
[Black "Cori Tello, Deysi"]
[Result "0-1"]
[WhiteElo "2118"]
[BlackElo "2361"]
[EventDate "2009.09.01"]
[PlyCount "74"]

1.e4 e6 2.d4 d5 3.Nc3 Bb4 4.Ne2 Nf6 5.Bg5 dxe4 6.a3 Be7 7.Bxf6 Bxf6 8.Nxe4
O-O 9.g3 e5 10.d5 Be7 11.Bg2 f5 12.N4c3 f4 13.Qd3 Nd7 14.Ne4 Nc5 15.Nxc5 
Bxc5 16.Be4 h6 17.gxf4 exf4 18.Nd4 Qh4 19.O-O-O Qxf2 20.Ne6 Qe3+ 21.Kb1 
Bxe6 22.dxe6 Qxd3 23.Rxd3 Rae8 24.Bxb7 Kh8 25.Re1 Be3 26.Bd5 g5 27.h3 Kg7 
28.Bc4 Re7 29.Rdd1 Kf6 30.Rf1 Bb6 31.Kc1 Rxe6 32.Bxe6 Kxe6 33.Kd2 h5 34.b4
Rf5 35.c4 Be3+ 36.Ke2 Re5 37.Kf3 Kf5 0-1

[Event "5th American Continental (w)"]
[Site "Cali COL"]
[Date "2009.09.04"]
[Round "5.4"]
[White "Lujan, Carolina"]
[Black "Linares Napoles, Oleiny"]
[Result "1-0"]
[WhiteElo "2295"]
[BlackElo "2265"]
[EventDate "2009.09.01"]
[PlyCount "81"]

1.e4 d6 2.d4 Nf6 3.Nc3 g6 4.h3 Bg7 5.Be3 c6 6.Nf3 Qc7 7.a4 b6 8.Be2 O-O 9.
Qd2 Nbd7 10.O-O Bb7 11.Rad1 Rad8 12.Qc1 Rfe8 13.Bg5 e5 14.dxe5 dxe5 15.Bc4
a5 16.Be3 b5 17.axb5 cxb5 18.Ba2 b4 19.Nb5 Qc6 20.Nd6 Nxe4 21.Nxe4 Qxe4 
22.Bxf7+ Kf8 23.Bxe8 Kxe8 24.Bg5 Rc8 25.Qd2 Qc6 26.Rfe1 Rc7 27.Qe3 a4 28.
Rd2 Nc5 29.Qf4 Ne6 30.Qh4 Nxg5 31.Qxg5 Re7 32.Qh4 h6 33.Qxb4 Kf7 34.b3 
axb3 35.Qxb3+ Re6 36.Red1 Kf6 37.Rd7 Bc8 38.Rd8 g5 39.Qb8 Ba6 40.R8d6 Qc4 
41.Qd8+ 1-0

[Event "5th American Continental (w)"]
[Site "Cali COL"]
[Date "2009.09.04"]
[Round "5.5"]
[White "Ramon Pita, Vivian"]
[Black "Morales Mendoza, Luciana"]
[Result "1-0"]
[WhiteElo "2217"]
[BlackElo "2172"]
[EventDate "2009.09.01"]
[PlyCount "129"]

1.Nf3 Nf6 2.b3 b6 3.Bb2 Bb7 4.e3 e6 5.Be2 Be7 6.O-O O-O 7.c4 c5 8.d3 d6 9.
a3 Nbd7 10.Nbd2 Ne8 11.Qc2 f5 12.d4 g6 13.Rad1 Ng7 14.b4 Qc7 15.Qb3 Bf6 
16.Nb1 a6 17.Nc3 Rac8 18.d5 e5 19.Nd2 Rce8 20.f3 h5 21.Rb1 Bc8 22.Nd1 g5 
23.h3 Rf7 24.Nf2 Nf8 25.g3 Ng6 26.Qc2 Nf8 27.Bd3 g4 28.hxg4 hxg4 29.fxg4 
Bg5 30.Rfe1 fxg4 31.Nde4 Qd8 32.Kg2 Nf5 33.Bc1 Ng6 34.Nxg5 Qxg5 35.Bxf5 
Qxf5 36.Qxf5 Bxf5 37.e4 Bc8 38.bxc5 bxc5 39.Rb6 Ref8 40.Be3 Rf6 41.Re2 Kg7
42.Nd3 Rh8 43.Rf2 Rhf8 44.Rxf6 Rxf6 45.Ne1 Nf4+ 46.gxf4 exf4 47.Bf2 g3 48.
Bg1 Bg4 49.Rxa6 Be2 50.Ra7+ Kg6 51.Nf3 Bxc4 52.e5 Rf8 53.Rd7 Rb8 54.Rxd6+ 
Kh5 55.Nd2 Rb2 56.Kf3 Rxd2 57.Kxf4 g2 58.Bxc5 Bxd5 59.e6 Kg6 60.e7+ Kf7 
61.Rf6+ Kxf6 62.e8=Q Rd1 63.Qe7+ Kg6 64.Qg5+ Kf7 65.Qh5+ 1-0

[Event "5th American Continental (w)"]
[Site "Cali COL"]
[Date "2009.09.04"]
[Round "5.6"]
[White "Amura, Claudia"]
[Black "Llaudy Pupo, Lisandra"]
[Result "0-1"]
[WhiteElo "2335"]
[BlackElo "2212"]
[EventDate "2009.09.01"]
[PlyCount "126"]

1.d4 Nf6 2.Bg5 e6 3.e4 h6 4.Bxf6 Qxf6 5.Nc3 d6 6.Qd2 Nd7 7.f4 Qd8 8.Nf3 
Be7 9.Bc4 a6 10.a4 O-O 11.O-O c6 12.d5 exd5 13.exd5 c5 14.Ne4 Nf6 15.Ng3 
Rb8 16.a5 Re8 17.Kh1 Bg4 18.h3 Nh5 19.Ne2 Bd7 20.g4 Nf6 21.Ng3 Bf8 22.Qd3 
g6 23.g5 hxg5 24.fxg5 Bxh3 25.gxf6 Bxf1 26.Rxf1 Qxf6 27.Ne4 Qf4 28.Nfd2 
Qh4+ 29.Kg2 Qg4+ 30.Kf2 Bg7 31.c3 f5 32.Nxc5 Qh4+ 33.Kg2 Qg5+ 34.Kf2 Qh4+ 
35.Kg2 Qe4+ 36.Kf2 Bh6 37.Ne6 Qh4+ 38.Ke2 Kf7 39.Nf3 Qh5 40.Qd4 Re7 41.Rf2
Qh1 42.Rh2 Qc1 43.Nd2 Qxd2+ 44.Qxd2 Bxd2 45.Kxd2 Rg8 46.Ke3 g5 47.Rh6 Rg6 
48.Rh8 Kf6 49.Kd4 g4 50.Rd8 g3 51.Rxd6 Rg4+ 52.Kc5 Ke5 53.Bf1 g2 54.Bxg2 
Rxg2 55.Rd8 Rxb2 56.c4 f4 57.Rf8 Rf2 58.Kb6 f3 59.Ng5 Rb2+ 60.Ka7 f2 61.
Nf3+ Kd6 62.Nd4 Kc5 63.Rf4 f1=Q 0-1

[Event "5th American Continental (w)"]
[Site "Cali COL"]
[Date "2009.09.04"]
[Round "5.7"]
[White "Ordaz Valdes, Lisandra"]
[Black "Chirivi Castiblanco, Jenny Astrid"]
[Result "1-0"]
[WhiteElo "2283"]
[BlackElo "2195"]
[EventDate "2009.09.01"]
[PlyCount "113"]

1.d4 d5 2.c4 c6 3.Nc3 Nf6 4.e3 e6 5.Nf3 Nbd7 6.Qc2 Bd6 7.Be2 O-O 8.O-O 
dxc4 9.Bxc4 Qe7 10.Bb3 e5 11.h3 Nb6 12.dxe5 Bxe5 13.Nxe5 Qxe5 14.f4 Qe7 
15.e4 Be6 16.Be3 Bxb3 17.axb3 Rfe8 18.Bf2 Qb4 19.e5 Nfd5 20.Ne4 Qe7 21.Ng5
g6 22.Bc5 Qc7 23.Ne4 Nd7 24.Bd4 b6 25.Qd2 c5 26.Bf2 Nxf4 27.Qxf4 Qxe5 28.
Qxe5 Rxe5 29.Nc3 f5 30.Bg3 Re7 31.Rfd1 Nf8 32.Nd5 Rb7 33.Nc7 Rc8 34.Nb5 
Ra8 35.Ra6 Ne6 36.Rd6 Ng5 37.Bf4 Nf7 38.Rc6 g5 39.Nd6 Nxd6 40.Bxd6 Re8 41.
Rc7 Rxc7 42.Bxc7 Re2 43.Rxa7 Rxb2 44.Bxb6 c4 45.Bd4 Rd2 46.Bf6 cxb3 47.Rb7
g4 48.Rxb3 Kf7 49.Bg5 Rd1+ 50.Kh2 gxh3 51.Kxh3 Kg6 52.Bf4 Rd4 53.Rb6+ Kf7 
54.g3 Ra4 55.Kh4 Ra5 56.Kg5 Kg7 57.Rd6 1-0

[Event "5th American Continental (w)"]
[Site "Cali COL"]
[Date "2009.09.04"]
[Round "5.8"]
[White "Marrero Lopez, Yaniet"]
[Black "Castrillon Gomez, Melissa"]
[Result "1-0"]
[WhiteElo "2259"]
[BlackElo "2031"]
[EventDate "2009.09.01"]
[PlyCount "67"]

1.e4 c5 2.Nf3 d6 3.d4 Nf6 4.Nc3 cxd4 5.Nxd4 g6 6.Be3 Bg7 7.f3 O-O 8.Qd2 
Nc6 9.O-O-O d5 10.Nxc6 bxc6 11.Bh6 Qa5 12.Bxg7 Kxg7 13.e5 Nd7 14.h4 h5 15.
g4 Rh8 16.e6 fxe6 17.Qg5 Qb4 18.Bd3 Nf8 19.Rdg1 Rh6 20.gxh5 Qd6 21.hxg6 e5
22.h5 Ne6 23.Qd2 Nf4 24.Ne2 Nxd3+ 25.Qxd3 Qf6 26.Qe3 d4 27.Qg5 Be6 28.f4 
Bc4 29.Ng3 Be6 30.Qxe5 Qxe5 31.fxe5 Rhh8 32.Rf1 Bg4 33.Rf7+ Kg8 34.Rxe7 
1-0

[Event "5th American Continental (w)"]
[Site "Cali COL"]
[Date "2009.09.04"]
[Round "5.9"]
[White "Ortiz Aguirre, Nadya Karolina"]
[Black "Mateus Urbano, Martha"]
[Result "0-1"]
[WhiteElo "2218"]
[BlackElo "2143"]
[EventDate "2009.09.01"]
[PlyCount "76"]

1.e4 c5 2.Nf3 d6 3.d4 cxd4 4.Nxd4 Nf6 5.Nc3 a6 6.f3 e5 7.Nb3 Be6 8.Be3 h5 
9.Be2 Nbd7 10.a4 b6 11.O-O Qc7 12.Kh1 h4 13.Nd5 Nxd5 14.exd5 Bf5 15.Bd3 
Bxd3 16.Qxd3 Be7 17.Nd2 g6 18.f4 f5 19.fxe5 dxe5 20.Nc4 Rc8 21.b3 Bf6 22.
Qd2 Rh5 23.Qb4 Rb8 24.a5 b5 25.Nb6 h3 26.Qd2 f4 27.Nxd7 Qxd7 28.Bb6 hxg2+ 
29.Qxg2 Kf7 30.Qe4 Rbh8 31.Rf2 Qf5 32.Qxf5 gxf5 33.c4 bxc4 34.bxc4 e4 35.
Raa2 f3 36.c5 Bd4 37.c6 Bxf2 38.Rxf2 f4 0-1

[Event "5th American Continental (w)"]
[Site "Cali COL"]
[Date "2009.09.04"]
[Round "5.10"]
[White "Salazar Cardona, Aura Cristina"]
[Black "Fandino Reyes, Roquelina"]
[Result "1/2-1/2"]
[WhiteElo "2069"]
[BlackElo "2199"]
[EventDate "2009.09.01"]
[PlyCount "121"]

1.e4 Nf6 2.e5 Nd5 3.d4 d6 4.c4 Nb6 5.f4 g6 6.Be2 Bg7 7.Nf3 O-O 8.O-O Be6 
9.Qb3 a5 10.a4 N8d7 11.Ng5 Bf5 12.Nc3 h5 13.Be3 c5 14.dxc5 dxc5 15.Rad1 f6
16.Nf3 e6 17.Nb5 Qc8 18.Nd6 Qc6 19.Nxf5 exf5 20.Rd6 Qc7 21.Rfd1 Ra6 22.e6 
Nb8 23.Nh4 Nc8 24.Rxa6 bxa6 25.Nxg6 Re8 26.Bf3 Kh7 27.Nh4 Rxe6 28.Bxh5 Ne7
29.Qd3 Qc6 30.Bf3 Qe8 31.Bd5 Nxd5 32.Qxf5+ Kh8 33.Ng6+ Kg8 34.Qxd5 Kh7 35.
Bf2 Nc6 36.f5 Re4 37.Kf1 Nb4 38.Qxc5 Qxa4 39.Qd6 Qc2 40.Qd2 Qxc4+ 41.Kg1 
Qb5 42.Nh4 Qc4 43.Ng6 Qb5 44.Qd7 Re2 45.Nf8+ Kg8 46.Ne6 Qxd7 47.Rxd7 Bh6 
48.Bd4 Nd3 49.h3 Ne5 50.Rb7 Re4 51.Kf2 Bd2 52.Rb8+ Kh7 53.Rf8 Be1+ 54.Kf1 
Bh4 55.g3 Bxg3 56.Rxf6 Bh4 57.Rf8 Re1+ 58.Kg2 Re2+ 59.Kh1 Re1+ 60.Kg2 Re2+
61.Kf1 1/2-1/2

[Event "5th American Continental (w)"]
[Site "Cali COL"]
[Date "2009.09.04"]
[Round "5.11"]
[White "Franco Valencia, Beatriz Irene"]
[Black "Naipal, Victoria"]
[Result "1-0"]
[WhiteElo "2188"]
[BlackElo "1795"]
[EventDate "2009.09.01"]
[PlyCount "89"]

1.e4 e5 2.Nc3 Nf6 3.g3 Nc6 4.Bg2 Be7 5.d3 d6 6.Nge2 O-O 7.O-O Re8 8.f4 Bf8
9.h3 Kh8 10.g4 exf4 11.Bxf4 Ne5 12.Bg5 Be7 13.Ng3 c6 14.d4 Ned7 15.Nf5 h6 
16.Bxh6 g6 17.Bg7+ Kg8 18.Bxf6 Nxf6 19.Nh6+ Kg7 20.g5 Rh8 21.gxf6+ Bxf6 
22.Ng4 Bxg4 23.Qxg4 Bxd4+ 24.Kh1 Rh4 25.Qf3 Qe7 26.Rad1 Be5 27.Kg1 Rf8 28.
Ne2 f5 29.Ng3 f4 30.Ne2 Bxb2 31.c3 Ba3 32.Nd4 Bc5 33.Kf2 Qe5 34.Rfe1 Qe6 
35.Re2 Qc4 36.Kf1 Rh5 37.Nf5+ Kg8 38.Nxd6 Bxd6 39.Rxd6 Rg5 40.Qd3 Qc5 41.
Rf2 Rg3 42.Rf3 Qg5 43.Qc4+ Kh8 44.Rd2 Qe7 45.Qd4+ 1-0

[Event "5th American Continental (w)"]
[Site "Cali COL"]
[Date "2009.09.04"]
[Round "5.12"]
[White "Franco Valencia, Angela Maria"]
[Black "Mendoza Velazquez, Lorena Aleja"]
[Result "1/2-1/2"]
[WhiteElo "2170"]
[BlackElo "1973"]
[EventDate "2009.09.01"]
[PlyCount "128"]

1.e4 c5 2.Nf3 d6 3.d4 cxd4 4.Nxd4 Nf6 5.Nc3 g6 6.Be2 Bg7 7.O-O O-O 8.Bg5 
Nc6 9.Nb3 Be6 10.f4 b5 11.Bf3 a5 12.Kh1 b4 13.Nd5 a4 14.Bxf6 exf6 15.Nd4 
Bxd5 16.exd5 Nxd4 17.Qxd4 f5 18.Qxb4 Qb8 19.Qxb8 Raxb8 20.Rab1 Bxb2 21.h3 
Rfc8 22.Bd1 a3 23.Rf3 Rb4 24.c3 Rbc4 25.Bb3 Rxc3 26.Rbf1 Rb8 27.Rxc3 Bxc3 
28.Bc4 Rb4 29.Be2 Rd4 30.g3 Rxd5 31.Rd1 Rxd1+ 32.Bxd1 d5 33.Bb3 d4 34.Bc4 
Kg7 35.Kg2 f6 36.Kf3 Kh6 37.Bd3 Bd2 38.Bc2 Be3 39.Bd3 Kg7 40.Bc2 Kf7 41.
Ke2 Ke6 42.Bb3+ Ke7 43.Bc2 Kd6 44.Bb3 h6 45.Kf3 Kc5 46.Bf7 g5 47.Be6 gxf4 
48.gxf4 Kb4 49.Bxf5 Kc3 50.Ke2 Kb2 51.Be6 Bxf4 52.Bd5 Bg5 53.Be6 f5 54.Kd3
f4 55.Kxd4 f3 56.Bc4 f2 57.Ke4 f1=Q 58.Bxf1 Kxa2 59.Bc4+ Kb2 60.Kf3 a2 61.
Bxa2 Kxa2 62.Kg3 Kb2 63.Kg2 Kc2 64.h4 Bxh4 1/2-1/2

[Event "5th American Continental (w)"]
[Site "Cali COL"]
[Date "2009.09.04"]
[Round "5.13"]
[White "Panesso Rivera, Jenny"]
[Black "Heredia Serrano, Carla"]
[Result "0-1"]
[WhiteElo "1971"]
[BlackElo "2152"]
[EventDate "2009.09.01"]
[PlyCount "132"]

1.e4 c6 2.d4 d5 3.Nc3 dxe4 4.Nxe4 Bf5 5.Ng3 Bg6 6.N1e2 e6 7.Nf4 Bd6 8.h4 
Qc7 9.Nxg6 hxg6 10.Ne4 Nd7 11.Qf3 Ndf6 12.Nxd6+ Qxd6 13.c3 O-O-O 14.Bc4 e5
15.dxe5 Qxe5+ 16.Be3 Nh6 17.Kf1 Qe4 18.Qxe4 Nxe4 19.Ke2 Nd6 20.Bb3 Nhf5 
21.Bxa7 Rde8+ 22.Kf1 Nxh4 23.g3 Nf3 24.Rxh8 Nd2+ 25.Kg2 Rxh8 26.Bc2 Kc7 
27.Bd4 N2c4 28.Bxg7 Rg8 29.Bf6 Nxb2 30.Re1 Re8 31.Rxe8 Nxe8 32.Bd4 Nc4 33.
Bb3 Ned6 34.Kf3 b6 35.Bf6 Kd7 36.g4 Ke6 37.g5 Kd7 38.Ke2 Na5 39.Kd3 Nab7 
40.f3 Nc5+ 41.Ke3 Nf5+ 42.Ke2 Ne6 43.Kd3 Nd6 44.Kd2 Ne8 45.Bxe6+ Kxe6 46.
Bd8 b5 47.Kd3 Kd5 48.a3 Nd6 49.f4 Nc4 50.Bf6 Nxa3 51.Be5 Nc4 52.Bf6 Nb2+ 
53.Kc2 Na4 54.Kd3 Nc5+ 55.Ke3 Kc4 56.Be5 Na4 57.Kd2 Nc5 58.Kc2 Nd3 59.Bc7 
c5 60.Bd6 b4 61.cxb4 cxb4 62.Kb1 b3 63.Bc7 Kc3 64.Ba5+ Kd4 65.Bc7 Ke4 66.
Bd6 Nxf4 0-1

[Event "5th American Continental (w)"]
[Site "Cali COL"]
[Date "2009.09.04"]
[Round "5.15"]
[White "Hernandez Guerrero, Yadira"]
[Black "Gutierrez Salazar, Leonela Karina"]
[Result "1/2-1/2"]
[WhiteElo "2199"]
[BlackElo "1920"]
[EventDate "2009.09.01"]
[PlyCount "129"]

1.d4 Nf6 2.c4 g6 3.Nc3 Bg7 4.e4 d6 5.Be2 O-O 6.Nf3 e5 7.Be3 Nc6 8.d5 Ne7 
9.Nd2 Ne8 10.b4 f5 11.f3 Nf6 12.c5 Kh8 13.Rc1 f4 14.Bf2 c6 15.cxd6 Qxd6 
16.Nc4 Qd8 17.d6 Neg8 18.b5 cxb5 19.Nxb5 Ne8 20.Qd2 Rf7 21.a4 Be6 22.O-O 
Rd7 23.a5 Bxc4 24.Bxc4 a6 25.Bb6 Qf6 26.Nc7 Rxd6 27.Nd5 Qg5 28.Qb4 Rd7 29.
Bb3 Ngf6 30.Rc2 Nxd5 31.Bxd5 Nf6 32.Rfc1 h5 33.Be6 Rd3 34.Bf2 h4 35.Qxb7 
Rad8 36.Rc8 Kh7 37.Rxd8 Rxd8 38.Qxa6 Rd2 39.Qc4 Ne8 40.Qc3 Rd6 41.Bc8 Qd8 
42.Qe1 Nc7 43.Bh3 Ne6 44.Bxh4 Qb8 45.Bf2 Nd4 46.Bg4 Qb2 47.Rb1 Qc2 48.Bxd4
exd4 49.e5 Rc6 50.h3 d3 51.Qh4+ Kg8 52.Rb8+ Bf8 53.Rxf8+ Kxf8 54.Qh8+ Kf7 
55.Qh7+ Kf8 56.e6 Rc7 57.Qxg6 d2 58.e7+ Kxe7 59.Qe6+ Kf8 60.Qf6+ Rf7 61.
Qh8+ Ke7 62.Qe5+ Kd8 63.Qd6+ Ke8 64.Qe6+ Kf8 65.Qh6+ 1/2-1/2

[Event "5th American Continental (w)"]
[Site "Cali COL"]
[Date "2009.09.04"]
[Round "5.16"]
[White "Romero Echeverria, Abigail"]
[Black "Perez, Laura"]
[Result "1-0"]
[WhiteElo "2064"]
[BlackElo "1884"]
[EventDate "2009.09.01"]
[PlyCount "111"]

1.e4 c5 2.c3 Nf6 3.e5 Nd5 4.d4 cxd4 5.cxd4 g6 6.Nc3 Nb6 7.Nf3 Nc6 8.Bd3 
Bg7 9.O-O d6 10.Bf4 dxe5 11.dxe5 O-O 12.h3 Nd4 13.Re1 Be6 14.Ng5 Bc8 15.
Rc1 Ne6 16.Nxe6 Bxe6 17.Qe2 Rc8 18.b3 Qd4 19.Qe4 Rfd8 20.Qxd4 Rxd4 21.Be4 
Rd7 22.Kh2 Rcd8 23.Nb5 Nd5 24.Bg3 a6 25.Nd4 Nc7 26.Bxb7 Bd5 27.Bxd5 Nxd5 
28.e6 Rb7 29.exf7+ Kxf7 30.Ne6 Ra8 31.Nxg7 Kxg7 32.Rc4 Kf7 33.Rd1 e6 34.
Rd2 a5 35.Bd6 Re8 36.Rd3 Kg8 37.a3 Ra8 38.Re4 Kf7 39.Rf3+ Kg8 40.h4 Re8 
41.h5 Rf7 42.hxg6 hxg6 43.Rxf7 Kxf7 44.Ra4 Ra8 45.b4 Nc3 46.Rxa5 Rxa5 47.
bxa5 Nb5 48.Bb8 Nxa3 49.a6 Nb5 50.a7 Nxa7 51.Bxa7 Kf6 52.Kg3 Kf5 53.Kf3 g5
54.g4+ Ke5 55.Bb6 Kf6 56.Ke4 1-0

[Event "5th American Continental (w)"]
[Site "Cali COL"]
[Date "2009.09.04"]
[Round "5.17"]
[White "Talavera Paredes, Ana"]
[Black "Chumpitaz Carbajal, Ann"]
[Result "0-1"]
[WhiteElo "1607"]
[BlackElo "2017"]
[EventDate "2009.09.01"]
[PlyCount "74"]

1.d4 Nf6 2.c4 g6 3.Nc3 Bg7 4.Nf3 d6 5.e3 O-O 6.b4 a5 7.b5 Nbd7 8.Be2 e5 9.
O-O Ne8 10.Qb3 Kh8 11.Ba3 f5 12.Rfc1 e4 13.Nd2 Qg5 14.Na4 Ndf6 15.c5 d5 
16.c6 Rf7 17.b6 Rb8 18.Qb5 bxc6 19.Qxa5 cxb6 20.Nxb6 f4 21.exf4 Qxf4 22.g3
Qc7 23.Rab1 Nd7 24.Bc5 Bh6 25.Rc2 e3 26.Nf3 exf2+ 27.Kxf2 Ndf6 28.Kg1 Bf5 
29.Ne5 Be3+ 30.Kg2 Bxc2 31.Nxf7+ Qxf7 32.Rf1 Qe6 33.Qa7 Bf5 34.Qxb8 Bh3+ 
35.Kh1 Bxf1 36.Bxf1 Qe4+ 37.Bg2 Qb1+ 0-1

[Event "5th American Continental (w)"]
[Site "Cali COL"]
[Date "2009.09.04"]
[Round "5.18"]
[White "Felix Vega, Aurora Edith"]
[Black "Ubaldo Suarez, Maria Gisela"]
[Result "0-1"]
[WhiteElo "1833"]
[BlackElo "2120"]
[EventDate "2009.09.01"]
[PlyCount "124"]

1.e4 c5 2.Nf3 d6 3.d4 cxd4 4.Nxd4 Nf6 5.Nc3 g6 6.Be3 Bg7 7.Bc4 Nc6 8.f3 
Bd7 9.Qd2 O-O 10.h4 Rc8 11.Bb3 Ne5 12.O-O-O Nc4 13.Bxc4 Rxc4 14.h5 Qa5 15.
hxg6 fxg6 16.Kb1 b5 17.Nb3 Qa6 18.e5 Ne8 19.Bh6 Rf7 20.Bxg7 Rxg7 21.Rhe1 
Bf5 22.Nd4 Bd7 23.Ndxb5 Rc5 24.Nd4 dxe5 25.Nb3 Rc7 26.Rxe5 Nf6 27.g4 e6 
28.g5 Ne8 29.Ne4 Rf7 30.f4 Kg7 31.Nbc5 Qc6 32.Qd4 Kg8 33.Nf6+ Nxf6 34.gxf6
Rxf6 35.Re2 Rf7 36.Ne4 Qd5 37.Nc3 Qf3 38.Rf2 Qc6 39.Rfd2 Qb6 40.Qxb6 axb6 
41.Rd6 b5 42.a3 Kg7 43.R1d4 h5 44.Ne4 Re7 45.Ng5 Kf6 46.Re4 Kf5 47.Red4 
Bc6 48.Rd8 e5 49.Rf8+ Kg4 50.Rd6 Be8 51.Ne6 Rc6 52.Rxe8 Rxd6 53.Rxe7 exf4 
54.Nc5 h4 55.Re1 h3 56.Nd3 h2 57.Rh1 Rxd3 58.cxd3 Kg3 59.Rd1 Kg2 60.Rd2+ 
Kg3 61.Rd1 f3 62.d4 Kg2 0-1

[Event "5th American Continental (w)"]
[Site "Cali COL"]
[Date "2009.09.04"]
[Round "5.20"]
[White "Salazar Dirsa, Marcela"]
[Black "Herrera Rincon, Wilene"]
[Result "1/2-1/2"]
[WhiteElo "1946"]
[BlackElo "1737"]
[EventDate "2009.09.01"]
[PlyCount "117"]

1.e4 c6 2.d4 d5 3.Nd2 dxe4 4.Nxe4 Nd7 5.Ne2 Ngf6 6.N2g3 e6 7.Bd3 Nxe4 8.
Nxe4 Nf6 9.Ng5 Be7 10.O-O O-O 11.c3 c5 12.dxc5 Bxc5 13.Bf4 h6 14.Nf3 Ng4 
15.Qe2 Qb6 16.Rad1 Rd8 17.h3 Nf6 18.Bb1 Bd7 19.c4 Bc6 20.Ne5 Be8 21.Bg3 
Rac8 22.b3 Rxd1 23.Rxd1 Rd8 24.Qc2 Rxd1+ 25.Qxd1 Bd6 26.Kf1 Bc7 27.Ng4 
Nxg4 28.Qxg4 Bxg3 29.Qxg3 Qd8 30.Qd3 Qxd3+ 31.Bxd3 Bc6 32.g3 Kf8 33.Ke2 
Ke7 34.Ke3 Kd6 35.b4 b6 36.h4 Ke5 37.f4+ Kf6 38.Be4 Ba4 39.Kd4 Ke7 40.a3 
Kd7 41.Bf3 Kd6 42.Bh5 f6 43.c5+ Kd7 44.Bg4 Bb5 45.Bd1 Bc6 46.Bb3 bxc5+ 47.
bxc5 Ke7 48.Bc2 Kd7 49.g4 g5 50.hxg5 hxg5 51.fxg5 fxg5 52.Be4 a5 53.Bg6 
Bf3 54.Bh5 Kc6 55.Be8+ Kc7 56.Bh5 Kd8 57.Ke3 Bd1 58.Kd2 Bf3 59.Ke3 1/2-1/2

[Event "5th American Continental (w)"]
[Site "Cali COL"]
[Date "2009.09.04"]
[Round "5.21"]
[White "Tobar, Estefania"]
[Black "Mesa Brenda, Sofia"]
[Result "1-0"]
[WhiteElo "1840"]
[BlackElo "1894"]
[EventDate "2009.09.01"]
[PlyCount "43"]

1.e4 c5 2.Nf3 d6 3.d4 cxd4 4.Nxd4 Nf6 5.Nc3 g6 6.f3 Bg7 7.Be3 O-O 8.Qd2 
Nc6 9.Be2 Nxd4 10.Bxd4 Be6 11.O-O Rc8 12.Rad1 Re8 13.Bb5 Bc4 14.Bxe8 Bxf1 
15.Bxf7+ Kxf7 16.Kxf1 a6 17.e5 dxe5 18.Bxe5 Qxd2 19.Rxd2 Ke6 20.Bg3 Kf5 
21.Re2 e6 22.Re5# 1-0

[Event "5th American Continental (w)"]
[Site "Cali COL"]
[Date "2009.09.05"]
[Round "6.1"]
[White "Fierro Baquero, Martha"]
[Black "Sanchez Castillo, Sarai"]
[Result "1-0"]
[WhiteElo "2386"]
[BlackElo "2224"]
[EventDate "2009.09.01"]
[PlyCount "48"]

1.e4 e6 2.d4 d5 3.Nd2 dxe4 4.Nxe4 Bd7 5.Nf3 Bc6 6.Ng3 Nd7 7.Bd3 Ngf6 8.Qe2
Bxf3 9.Qxf3 c6 10.O-O Qa5 11.c3 O-O-O 12.b4 Qd5 13.Be2 h5 14.Bf4 Nb6 15.a4
h4 16.a5 hxg3 17.axb6 Rxh2 18.fxg3 Ng4 19.Be5 Bd6 20.Bd3 Rh6 21.Qxg4 Qb3 
22.bxa7 Bxe5 23.a8=Q+ Bb8 24.Qxb8+ Kxb8 1-0

[Event "5th American Continental (w)"]
[Site "Cali COL"]
[Date "2009.09.05"]
[Round "6.2"]
[White "Cori Tello, Deysi"]
[Black "Lujan, Carolina"]
[Result "1-0"]
[WhiteElo "2361"]
[BlackElo "2295"]
[EventDate "2009.09.01"]
[PlyCount "95"]

1.d4 Nf6 2.Nf3 g6 3.c4 Bg7 4.Nc3 d5 5.Qa4+ c6 6.g3 O-O 7.Bg2 Nbd7 8.cxd5 
Nb6 9.Qa3 cxd5 10.O-O Bf5 11.Bf4 Nh5 12.Bg5 Re8 13.b3 h6 14.Be3 Nf6 15.
Rac1 a6 16.Rfd1 e6 17.Ne5 Bf8 18.Qb2 g5 19.Nd3 Nc8 20.f3 Nd6 21.Bf2 Bh7 
22.Qd2 Bg7 23.Re1 Nf5 24.Nc5 b6 25.Nd3 Rc8 26.Na4 Rxc1 27.Rxc1 g4 28.Ne5 
gxf3 29.exf3 b5 30.Nc5 Qb6 31.g4 Ne7 32.h4 Ra8 33.h5 Qa7 34.Qf4 Nc8 35.g5 
Nxh5 36.Qh4 Bxe5 37.dxe5 Bg6 38.Ne4 Qe7 39.Nf6+ Nxf6 40.gxf6 Qa3 41.Qxh6 
Qf8 42.Qh4 d4 43.Bxd4 Qd8 44.Qh6 Qf8 45.Qxf8+ Kxf8 46.f4 Rb8 47.Rc7 Bb1 
48.Bb7 1-0

[Event "5th American Continental (w)"]
[Site "Cali COL"]
[Date "2009.09.05"]
[Round "6.3"]
[White "Llaudy Pupo, Lisandra"]
[Black "Ramon Pita, Vivian"]
[Result "1-0"]
[WhiteElo "2212"]
[BlackElo "2217"]
[EventDate "2009.09.01"]
[PlyCount "69"]

1.e4 e6 2.d3 d5 3.Nd2 b6 4.Ngf3 Bb7 5.e5 c5 6.g3 Nc6 7.Bg2 Qc7 8.Qe2 Nge7 
9.O-O d4 10.Nc4 Ng6 11.a4 h6 12.h4 Be7 13.h5 Nf8 14.Nfd2 f5 15.g4 Nb4 16.
gxf5 Bxg2 17.Kxg2 Qc6+ 18.Nf3 O-O-O 19.Re1 Rg8 20.c3 dxc3 21.bxc3 Nd5 22.
Bd2 exf5 23.e6 g6 24.d4 gxh5+ 25.Kf1 Nc7 26.dxc5 Qxc5 27.Be3 Qc6 28.a5 b5 
29.Nce5 Qxe6 30.Bxa7 f4 31.Qe4 Nd5 32.Rec1 Nc7 33.c4 b4 34.a6 Rd6 35.Qb7+ 
1-0